Loona Quiz - Statistics

General Stats
  • This quiz has been taken 282 times
  • The average score is 12 of 12
Answer Stats
Hint Answer % Correct
10 chuu
98%
1 heejin
98%
2 hyunjin
98%
5 vivi
98%
3 haseul
97%
12 olivia hye
97%
11 gowon
96%
6 kim lip
96%
4 yeojin
96%
9 yves
96%
8 choerry
95%
7 jinsoul
95%
No matching quizzes found
Score Distribution
Percent of People with Each Score
Percentile by Number Answered
Your Score History
You have not taken this quiz